The Royal History of Sikkim: A Chronicle of the House of Namgyal (Record no. 8900)

MARC details
000 -LEADER
fixed length control field 00723nam a22001817a 4500
008 - FIXED-LENGTH DATA ELEMENTS--GENERAL INFORMATION
fixed length control field 211013b |||||||| |||| 00| 0 eng d
020 ## - INTERNATIONAL STANDARD BOOK NUMBER
International Standard Book Number 9781932476392
082 ## - DEWEY DECIMAL CLASSIFICATION NUMBER
Classification number 954.98 ARD
245 ## - TITLE STATEMENT
Title The Royal History of Sikkim: A Chronicle of the House of Namgyal
Remainder of title As narrated in Tibetan by Their Highness Chogyal Thutob Namgyal and Gyalmo Yeshe Dolma
Statement of responsibility, etc. Based upon the Preliminary Translation by Kazi Dawasamdup
260 ## - PUBLICATION, DISTRIBUTION, ETC.
Place of publication, distribution, etc. U S A :
Name of publisher, distributor, etc. Serinda Publications Inc.
Date of publication, distribution, etc. 2021.
300 ## - PHYSICAL DESCRIPTION
Extent 635 p.
Other physical details ill,
Dimensions 33 p.
500 ## - GENERAL NOTE
General note Includes index.
650 ## - SUBJECT ADDED ENTRY--TOPICAL TERM
Topical term or geographic name entry element The Royal History of Sikkim: A Chronicle of the House of Namgyal
700 ## - ADDED ENTRY--PERSONAL NAME
Personal name Ardussi, John A
Personal name Denjongpa, Anna Balikci
Personal name Sorensen, Per K.
942 ## - Added entry Elements (Koha)
Source of classification or shelving scheme Dewey Decimal Classification
Holdings
Withdrawn status Lost status Source of classification or shelving scheme Damaged status Not for loan Collection code Home library Current library Shelving location Date acquired Serial Enumeration / chronology Total Checkouts Full call number Barcode Date last seen Price effective from Koha item type Public note
    Dewey Decimal Classification     Special collections RTC Library RTC Library Special collections 13/10/2021 16227   954.98 ARD 30015103 13/10/2021 13/10/2021 Special Collections Donated by Her Majesty Queen Mother Gyalyum Kesang Choeden Wangchuck
Royal Thimphu College || All Right Reserved